| 000 | 00898nam a2200193 a 4500 | ||
|---|---|---|---|
| 001 | 001144836 | ||
| 003 | AM-YeHGA | ||
| 005 | 20250617152232.0 | ||
| 008 | 160428s1868 ||| r 000 0 rus d | ||
| 040 | _aAM-YeHGA | ||
| 041 | 0 | _arus | |
| 245 | 0 | 0 | _aНовгородские писцовые книги. |
| 260 |
_aСанкт-Петербург : _bАрхеогр. комиссия, _c1868. |
||
| 300 | _aтом. | ||
| 505 | 1 | 0 |
_gТ. 3 (1868; 959 с.) : _tПереписная оброчная книга Вотской пятины, 1500 года. Первая половина; _gТ. 5 (1905; 695 с.) : _tКниги Шелонской пятины; _gТ. 6 (1910; 1074 с.) : _tКниги Бежецкой пятины |
| 653 | 0 | _aПисцовые книги, 16 в. - Новгород | |
| 653 | 0 | _aНовгород - Источники и источниковедение | |
| 090 | _c368898 | ||
| 999 |
_c367030 _d367030 |
||